|
|
|
|
| LEADER |
00000nam a22000005a 4500 |
| 001 |
vtls009186101 |
| 003 |
SK-MaSNL |
| 005 |
20260425225704.0 |
| 008 |
160208s2007 xxua rn 001 0 eng |
| 015 |
|
|
|a SNBZSA2008-00456
|
| 020 |
|
|
|a 9780230521513 (viaz.)
|
| 020 |
|
|
|a 0230521517
|
| 035 |
|
|
|a 9FD3A234-3EAC-45D3-920D-E002EC20FC93
|
| 035 |
|
|
|a urn:nbn:sk:snk-amk7ng
|
| 035 |
|
|
|a urn:nbn:sk:snk-am008fkp
|
| 040 |
|
|
|a SNK
|b slo
|c SNK
|e AACR2
|
| 041 |
0 |
|
|a eng
|
| 043 |
|
|
|a et-----
|a ee-----
|
| 044 |
|
|
|a xxu
|c US
|
| 072 |
|
7 |
|a 336.7
|x Financie
|2 konspekt
|
| 080 |
|
|
|a 336.77
|x (4-191.2)
|x (4-11)
|x (082)
|2 2001
|
| 080 |
|
|
|a 336.717.061
|2 2001
|
| 245 |
0 |
0 |
|a Rapid credit growth in Central and Eastern Europe
|b endless boom or early warning?
|c edited by Charles Enoch and Inci Ötker-Robe
|
| 250 |
|
|
|a 1st publ.
|
| 260 |
|
|
|a Hampshire
|b Palgrave MacMillan
|c 2007
|
| 300 |
|
|
|a xix, 373 s.
|b ilustr.
|c 24 cm
|
| 500 |
|
|
|a Obsahuje aj: Slovakia: Credit growth in the hoousehold sector and response to the related risks / Marek Ličák
|
| 504 |
|
|
|a Bibliogr. odkazy. Reg.
|
| 650 |
0 |
7 |
|a bankové úvery
|2 snkph
|9 88339
|
| 650 |
0 |
7 |
|a úverová politika
|2 snkph
|9 404846
|
| 651 |
|
7 |
|a Európa stredná
|2 snkph
|9 23970
|
| 651 |
|
7 |
|a Európa východná
|2 snkph
|9 167635
|
| 655 |
|
7 |
|a zborníky
|2 snkph
|9 70165
|
| 700 |
1 |
|
|a Enoch, Charles
|4 edt
|9 404847
|
| 700 |
1 |
|
|a Ötker, Inci
|4 edt
|9 404848
|
| 700 |
1 |
|
|a Ličák, Marek
|t Slovakia: Credit growth in the hoousehold sector and response to the related risks
|9 404849
|
| 919 |
|
|
|a 978-0-2305-2151 3
|
| 919 |
|
|
|a 0-2305-2151 7
|
| 958 |
|
|
|a ZS
|
| 958 |
|
|
|a NB
|
| 999 |
|
|
|c 656010
|d 657940
|
| 952 |
|
|
|a SNK
|b SNK
|y PREZ
|7 0
|p 17A0580592
|o snkSC 131015
|i snk2008/4497
|8 3
|g 131.45
|0 0
|1 0
|4 0
|d 2008-02-25
|f 1
|l 0
|r 2025-06-19 00:00:00
|w 2026-02-23
|